| 000 | 01261pab a2200169 454500 | ||
|---|---|---|---|
| 008 | 180718b2004 xxu||||| |||| 00| 0 eng d | ||
| 100 | _aJena, Pratap Ranjan | ||
| 245 | _aPublic expenditure and growth: a decomposed expenditure analysis for states in India | ||
| 260 | _c2004 | ||
| 300 | _ap.247-62. | ||
| 362 | _aAug | ||
| 520 | _aThe paper attempts to study the relationship between government expenditure and growth parameter across states in India at a decomposed level, as the direction of relationship at aggregate level may not be very convincing. Time series property of state expenditure data has been examined to account for non-stationary character of macro-economic series and impact of expenditure variables on growth of real GSDP has been examined in a panel regression model. The results emphasise that state spending on infrastructure, productive sectors, and investment in physical and human resources has positive impact on growth parameter. It is further concluded that states should aim at reducing unproductive expenditure and rationalise the expenditure pattern to augment process of growth. - Reproduced. | ||
| 650 | _aPublic expenditure - India | ||
| 650 | _aPublic expenditure | ||
| 773 | _aAsian Economic Review | ||
| 909 | _a62534 | ||
| 999 |
_c62534 _d62534 |
||